Seattle Kraken NHL Expansion Roster 2021 - Statistics

General Stats
  • This quiz has been taken 143 times
  • The average score is 13 of 30
Answer Stats
Position Player Nationality Original Team % Correct
F Jordan Eberle Canada New York Islanders
74%
D Mark Giordano Canada Calgary Flames
74%
D Vince Dunn Canada St Louis Blues
70%
F Jared McCann Canada Toronto Maple Leafs
65%
F Yanni Gourde Canada Tampa Bay Lightning
65%
D Cale Fleury Canada Montreal Canadiens
62%
D Haydn Fleury Canada Anaheim Ducks
62%
G Chris Driedger Canada Florida Panthers
61%
D Jamie Oleksiak Canada Dallas Stars
60%
D Adam Larsson Sweden Edmonton Oilers
57%
F Brandon Tanev Canada Pittsburgh Penguins
53%
G Vitek Vanecek Czech Rep Washington Capitals
53%
G Joey Daccord USA Ottawa Senators
52%
F Joonas Donskoi Finland Colorado Avalanche
46%
F Calle Jarnkrok Sweden Nashville Predators
44%
F Mason Appleton USA Winnipeg Jets
42%
D Carson Soucy Canada Minnesota Wild
40%
F Morgan Geekie Canada Carolina Hurricanes
38%
F Alex True Denmark San Jose Sharks
36%
D Jeremy Lauzon Canada Boston Bruins
35%
F Colin Blackwell USA New York Rangers
33%
F Kole Lind Canada Vancouver Canucks
29%
D William Borgen USA Buffalo Sabres
29%
D Dennis Cholowski Canada Detroit Red Wings
28%
F Nathan Bastian Canada New Jersey Devils
24%
D Kurtis MacDermid Canada Los Angeles Kings
20%
F Tyler Pitlick USA Arizona Coyotes
20%
F Carsen Twarynski Canada Philadelphia Flyers
16%
F John Quenneville Canada Chicago Blackhawks
16%
D Gavin Bayreuther USA Columbus Blue Jackets
15%
No matching quizzes found
Score Distribution
Percent of People with Each Score
Percentile by Number Answered
Your Score History
You have not taken this quiz